Исследование спектральных свойств сейсмических сигналов при наличии нерегулярной помехи; Молодежь и современные информационные технологии; Т. 1
| Parent link: | Молодежь и современные информационные технологии: сборник трудов XII Всероссийской научно-практической конференции студентов, аспирантов и молодых ученых, г. Томск, 12-14 ноября 2014 г./ Национальный исследовательский Томский политехнический университет (ТПУ), Институт кибернетики (ИК) ; ред. кол. Е. А. Сикора [и др.].— , 2014 Т. 1.— 2014.— [С. 82-83] |
|---|---|
| Yazar: | |
| Müşterek Yazar: | |
| Özet: | Заглавие с титульного экрана |
| Dil: | Rusça |
| Baskı/Yayın Bilgisi: |
2014
|
| Seri Bilgileri: | Математическое моделирование и компьютерный анализ данных |
| Konular: | |
| Online Erişim: | http://earchive.tpu.ru/handle/11683/20310 http://www.lib.tpu.ru/fulltext/c/2014/C04/V1/033.pdf |
| Materyal Türü: | MixedMaterials Elektronik Kitap Bölümü |
| KOHA link: | https://koha.lib.tpu.ru/cgi-bin/koha/opac-detail.pl?biblionumber=610565 |
MARC
| LEADER | 00000naa2a2200000 4500 | ||
|---|---|---|---|
| 001 | 610565 | ||
| 005 | 20260407145129.0 | ||
| 035 | |a (RuTPU)RU\TPU\conf\8180 | ||
| 035 | |a RU\TPU\conf\8179 | ||
| 090 | |a 610565 | ||
| 100 | |a 20150129d2014 k y0rusy50 ca | ||
| 101 | 0 | |a rus | |
| 102 | |a RU | ||
| 135 | |a drcn ---uucaa | ||
| 181 | 0 | |a i | |
| 182 | 0 | |a b | |
| 200 | 1 | |a Исследование спектральных свойств сейсмических сигналов при наличии нерегулярной помехи |f А. И. Осипенко | |
| 203 | |a Текст |c электронный | ||
| 225 | 1 | |a Математическое моделирование и компьютерный анализ данных | |
| 300 | |a Заглавие с титульного экрана | ||
| 320 | |a [Библиогр.: с. 83 (4 назв.)] | ||
| 337 | |a Adobe Reader | ||
| 461 | 1 | |0 (RuTPU)RU\TPU\conf\7802 |t Молодежь и современные информационные технологии |o сборник трудов XII Всероссийской научно-практической конференции студентов, аспирантов и молодых ученых, г. Томск, 12-14 ноября 2014 г. |o в 2 т. |f Национальный исследовательский Томский политехнический университет (ТПУ), Институт кибернетики (ИК) ; ред. кол. Е. А. Сикора [и др.] |d 2014 | |
| 463 | 0 | |0 (RuTPU)RU\TPU\conf\7790 |t Т. 1 |v [С. 82-83] |d 2014 | |
| 610 | 1 | |a труды учёных ТПУ | |
| 610 | 1 | |a электронный ресурс | |
| 610 | 1 | |a спектральные свойства | |
| 610 | 1 | |a сейсмические сигналы | |
| 610 | 1 | |a помехи | |
| 610 | 1 | |a сейсмические импульсы | |
| 610 | 1 | |a фазочастотные характеристики | |
| 700 | 1 | |a Осипенко |b А. И. | |
| 712 | 0 | 2 | |a Национальный исследовательский Томский политехнический университет (ТПУ) |c (2009- ) |3 (RuTPU)RU\TPU\col\15902 |
| 801 | 2 | |a RU |b 63413507 |c 20210317 |g RCR | |
| 856 | 4 | |u http://earchive.tpu.ru/handle/11683/20310 | |
| 856 | 4 | |u http://www.lib.tpu.ru/fulltext/c/2014/C04/V1/033.pdf | |
| 942 | |c BK | ||